书目信息 |
| 题名: |
小火罐,大健康
|
|
| 作者: | 冯淑兰 主编 | |
| 分册: | ||
| 出版信息: | 广州 广东科技出版社 2012 |
|
| 页数: | 175页 | |
| 开本: | 24cm | |
| 丛书名: | ||
| 单 册: | ||
| 中图分类: | R244.3-64 | |
| 科图分类: | ||
| 主题词: | 拔罐疗法--图解 , 拔罐疗法 | |
| 电子资源: | ||
| ISBN: | 978-7-5359-5551-7 | |
| 000 | 00821nam0 22002411 450 | |
| 001 | 2336180568 | |
| 005 | 20231130100317.30 | |
| 010 | @a978-7-5359-5551-7@dCNY29.00 | |
| 100 | @a20120716d2012 em y0chiy50 ea | |
| 101 | 0 | @achi |
| 102 | @aCN@b440000 | |
| 105 | @aa z 000yy | |
| 200 | 1 | @a小火罐,大健康@Axiao huo guan , da jian kang@e图解拔罐疗法@f冯淑兰主编 |
| 210 | @a广州@c广东科技出版社@d2012 | |
| 215 | @a175页@c彩照@d24cm | |
| 330 | @a本书是一本介绍了运用中医拔罐疗法进行保健的指导用书,分为中医拔罐疗法概述、拔罐的常用腧穴、常见病的拔罐防治保健三部分。 | |
| 517 | 1 | @a图解拔罐疗法@Atu jie ba guan liao fa |
| 606 | 0 | @a拔罐疗法@j图解 |
| 606 | 0 | @a拔罐疗法 |
| 690 | @aR244.3-64@v5 | |
| 701 | 0 | @a冯淑兰@Afeng shu lan@c(女,@f1965~)@4主编 |
| 801 | 0 | @aCN@b山东中教@c20231126 |
| 905 | @aBZT@dR244.3-64@e3 | |
| 小火罐,大健康:图解拔罐疗法/冯淑兰主编.-广州:广东科技出版社,2012 |
| 175页:彩照;24cm |
| ISBN 978-7-5359-5551-7:CNY29.00 |
| 本书是一本介绍了运用中医拔罐疗法进行保健的指导用书,分为中医拔罐疗法概述、拔罐的常用腧穴、常见病的拔罐防治保健三部分。 |
| ● |
| 相关链接 |
|
|
|
正题名:小火罐,大健康
索取号:R244.3-64/3
 
预约/预借
| 序号 | 登录号 | 条形码 | 馆藏地/架位号 | 状态 | 备注 |
| 1 | 2001230701 | 2001230701 | 中教(第二批第二书库)/山东中教(第二批)/2380/ [索取号:R244.3-64/3] | 在馆 | |
| 2 | 2001230702 | 2001230702 | 中教(第二批第二书库)/山东中教(第二批)/2380/ [索取号:R244.3-64/3] | 在馆 | |
| 3 | 2001230703 | 2001230703 | 中教(第二批第二书库)/山东中教(第二批)/2380/ [索取号:R244.3-64/3] | 在馆 | |
| 4 | 2001230704 | 2001230704 | 中教(第二批第二书库)/山东中教(第二批)/2380/ [索取号:R244.3-64/3] | 在馆 | |
| 5 | 2001230705 | 2001230705 | 中教(第二批第二书库)/山东中教(第二批)/2380/ [索取号:R244.3-64/3] | 在馆 | |
| 6 | 2001230706 | 2001230706 | 中教(第二批第二书库)/山东中教(第二批)/2380/ [索取号:R244.3-64/3] | 在馆 | |
| 7 | 2001230707 | 2001230707 | 中教(第二批第二书库)/山东中教(第二批)/2380/ [索取号:R244.3-64/3] | 在馆 | |
| 8 | 2001230708 | 2001230708 | 中教(第二批第二书库)/山东中教(第二批)/2380/ [索取号:R244.3-64/3] | 在馆 | |
| 9 | 2001230709 | 2001230709 | 中教(第二批第二书库)/山东中教(第二批)/2380/ [索取号:R244.3-64/3] | 在馆 | |
| 10 | 2001230710 | 2001230710 | 中教(第二批第二书库)/山东中教(第二批)/2380/ [索取号:R244.3-64/3] | 在馆 | |
| 11 | 2001230711 | 2001230711 | 中教(第二批第二书库)/山东中教(第二批)/2380/ [索取号:R244.3-64/3] | 在馆 | |
| 12 | 2001230712 | 2001230712 | 中教(第二批第二书库)/山东中教(第二批)/2380/ [索取号:R244.3-64/3] | 在馆 | |
| 13 | 2001230713 | 2001230713 | 中教(第二批第二书库)/山东中教(第二批)/2380/ [索取号:R244.3-64/3] | 在馆 | |
| 14 | 2001230714 | 2001230714 | 中教(第二批第二书库)/山东中教(第二批)/2380/ [索取号:R244.3-64/3] | 在馆 | |
| 15 | 2001230715 | 2001230715 | 中教(第二批第二书库)/山东中教(第二批)/2380/ [索取号:R244.3-64/3] | 在馆 | |
| 16 | 2001230716 | 2001230716 | 中教(第二批第二书库)/山东中教(第二批)/2380/ [索取号:R244.3-64/3] | 在馆 | |
| 17 | 2001230717 | 2001230717 | 中教(第二批第二书库)/山东中教(第二批)/2380/ [索取号:R244.3-64/3] | 在馆 | |
| 18 | 2001230718 | 2001230718 | 中教(第二批第二书库)/山东中教(第二批)/2380/ [索取号:R244.3-64/3] | 在馆 | |
| 19 | 2001230719 | 2001230719 | 中教(第二批第二书库)/山东中教(第二批)/2380/ [索取号:R244.3-64/3] | 在馆 | |
| 20 | 2001230720 | 2001230720 | 中教(第二批第二书库)/山东中教(第二批)/2380/ [索取号:R244.3-64/3] | 在馆 | |
| 21 | 2001230721 | 2001230721 | 中教(第二批第二书库)/山东中教(第二批)/2380/ [索取号:R244.3-64/3] | 在馆 | |
| 22 | 2001230722 | 2001230722 | 中教(第二批第二书库)/山东中教(第二批)/2380/ [索取号:R244.3-64/3] | 在馆 | |
| 23 | 2001230723 | 2001230723 | 中教(第二批第二书库)/山东中教(第二批)/2380/ [索取号:R244.3-64/3] | 在馆 | |
| 24 | 2001230724 | 2001230724 | 中教(第二批第二书库)/山东中教(第二批)/2380/ [索取号:R244.3-64/3] | 在馆 | |
| 25 | 2001230725 | 2001230725 | 中教(第二批第二书库)/山东中教(第二批)/2380/ [索取号:R244.3-64/3] | 在馆 | |
| 26 | 2001230726 | 2001230726 | 中教(第二批第二书库)/山东中教(第二批)/2380/ [索取号:R244.3-64/3] | 在馆 | |
| 27 | 2001230727 | 2001230727 | 中教(第二批第二书库)/山东中教(第二批)/2380/ [索取号:R244.3-64/3] | 在馆 | |
| 28 | 2001230728 | 2001230728 | 中教(第二批第二书库)/山东中教(第二批)/2380/ [索取号:R244.3-64/3] | 在馆 | |
| 29 | 2001230729 | 2001230729 | 中教(第二批第二书库)/山东中教(第二批)/2380/ [索取号:R244.3-64/3] | 在馆 | |
| 30 | 2001230730 | 2001230730 | 中教(第二批第二书库)/山东中教(第二批)/2380/ [索取号:R244.3-64/3] | 在馆 |